00374cam a22000977a 4500008004000000082001400040245012900054260003500183300001000218700004800228180718b1978 xxu||||| |||| 00| 0 eng d aT3101 Un3 aNational legislation and regulations relating to transnational corporationscby Centre on Transnational Corporations, U.S.A. aNew YorkbUnited Nationsc1978 a302+p aU.S.A. Centre on Transnational Corporations